Bibliographie de la France (Record no. 369)

MARC details
000 -LEADER
campo de control de longitud fija 01043nas a2200289 i 4500
001 - NÚMERO DE CONTROL
campo de control 369
003 - IDENTIFICADOR DE NÚMERO DE CONTROL
campo de control ES-MaACL
005 - FECHA Y HORA DE LA ÚLTIMA TRANSACCIÓN
campo de control 20250217133733.0
007 - CAMPO FIJO DE DESCRIPCIÓN FÍSICA--INFORMACIÓN GENERAL
campo de control de longitud fija t|
008 - DATOS DE LONGITUD FIJA--INFORMACIÓN GENERAL
campo de control de longitud fija 950801d18111971fr | | 1 ||re d
080 ## - NÚMERO DE LA CLASIFICACIÓN DECIMAL UNIVERSAL
Número de la Clasificación Decimal Universal 44
245 00 - MENCIÓN DEL TÍTULO
Título Bibliographie de la France
Resto del título : journal général de l'imprimerie et de la librairie /
Mención de responsabilidad, etc. publiée sur les documents fournis par le Ministére de l'Interieur.
260 ## - PUBLICACIÓN, DISTRIBUCIÓN, ETC.
Lugar de publicación, distribución, etc. Paris :
Nombre del editor, distribuidor, etc. Ministére de l'Interieur,
Fecha de publicación, distribución, etc. 1811-1971 (
Fabricante Imp. Pillet, etc)
300 ## - DESCRIPCIÓN FÍSICA
Extensión 81 v. ;
Dimensiones 25 cm.
310 ## - PERIODICIDAD ACTUAL
Periodicidad actual Semanal
362 1# - FECHAS DE PUBLICACIÓN Y/O DESIGNACIÓN SECUENCIAL
Fecha de publicación y/o designación secuencial Año I, t. I (1811)-1971.
500 ## - NOTA GENERAL
Nota general En 1900 se pública un tomo de indices.
500 ## - NOTA GENERAL
Nota general Serie 2ª, t. I (1857.
500 ## - NOTA GENERAL
Nota general Serie 3ª, t. sin numerar (1943.
500 ## - NOTA GENERAL
Nota general Serie 4ª, t. sin numerar (1945.
500 ## - NOTA GENERAL
Nota general Serie 5ª, t. sin numerar (1950.
525 ## - NOTA DE SUPLEMENTO
Nota de suplemento Los suplementos van encuadernados con la revista.
650 #4 - PUNTO DE ACCESO ADICIONAL DE MATERIA--TÉRMINO DE MATERIA
Término de materia o nombre geográfico como elemento de entrada Bibliografía.
9 (RLIN) 10516
852 ## - LOCALIZACIÓN
Ubicación ES-MaACL
Número de control de estantería Hem-103
866 #0 - MENCIÓN TEXTUAL DE FONDOS--UNIDAD BIBLIOGRÁFICA BÁSICA
Fondos 1811,1864-1911,1914-36,(1943f.n.35y36)(1944),1950-56.
Holdings
Estatus retirado Estado de pérdida Estado de daño No para préstamo Colección Biblioteca de origen Biblioteca actual Ubicación en estantería Fecha de adquisición Fuente de adquisición Total de préstamos Signatura topográfica completa Código de barras Visto por última vez Precio de reemplazo Tipo de ítem Koha
        Periódicos y Revistas Biblioteca del Ateneo de Madrid Biblioteca del Ateneo de Madrid Depósito 1 17/01/2008     Hem-103 1000379 23/02/2023 23/02/2023 Revista